| 000 | 00467nam a2200145Ia 4500 | ||
|---|---|---|---|
| 003 | OSt | ||
| 005 | 20260128124347.0 | ||
| 008 | 211028s2018 xx 000 0 und d | ||
| 040 | _cAIMIT LIBRARY | ||
| 041 | _aeng | ||
| 100 |
_aShet, Ashwini; D Souza, Lestan. _g1616024 _97781 |
||
| 245 | _aSatisfaction level of the employees regarding their recruitment and selection process in campco ltd Mangalore / | ||
| 260 |
_aMangalore _bBeena Dias. _c2018 |
||
| 942 |
_2ddc _cPRO |
||
| 999 |
_c219349 _d219349 |
||